000
00320nam a22001217a 4500
999
_c
53
_d
53
005
20200811151722.0
008
200805b ||||| |||| 00| 0 eng d
020
_a
07025608
040
_c
CML
245
_a
The Meaning of Dreams.
_c
Hall, C.S.
260
_a
London
_b
Sydney
_c
1953
942
_2
ddc
_c
BK
_h
154
_m
HAL